Arroz E Feijão: Em Qualquer Estação (Record no. 125457)

MARC details
000 -LÍDER
campo de controle de tamanho fixo 00791 a2200229 4500
001 - NÚMERO DE CONTROLE
campo de controle 125457
020 ## - ISBN - INTERNATIONAL STANDARD BOOK NUMBER
ISBN - International Standard Book Number 9788516019426
040 ## - FONTE DA CATALOGAÇÃO
Instituição que transcreveu o registro Escola Canadense de Niteroi
090 ## - NÚMERO DE CHAMADA LOCAL
Número de chamada (OCLC) (R); Número de chamada, CALL (RLIN) (NR) A2 - POR
100 ## - ENTRADA PRINCIPAL--NOME PESSOAL
Nome pessoal Porto, Cristina
245 10 - TÍTULO
Título Arroz E Feijão: Em Qualquer Estação
250 ## - EDIÇÃO
Edição 1. ed.
260 ## - PUBLICAÇÃO, DISTRIBUIÇÃO, ETC.
Local de publicação, distribuição, etc. São Paulo
300 ## - DESCRIÇÃO FÍSICA
Outros detalhes físicos il.
Dimensões 4 x 19.6 x 0.4 cm
362 0# - DATAS DE PUBLICAÇÃO E/OU DESIGNAÇÃO SEQUENCIAL
Datas de publicação e/ou designação sequencial 1998
520 ## - NOTA DE RESUMO, ETC
Resumo, etc. O leitor vai se divertir e aprender com este livro de Cristina Porto. Em cada página uma novidade, em cada página uma atividade para ler, identificar, descobrir, completar... A criança vai se encantar com a história dos <br/>cachorrinhos Arroz e Feijão.
650 #4 - ASSUNTO--TERMO TÓPICO
Cabeçalho tópico ou nome geográfico Literatura Infantil
650 #4 - ASSUNTO--TERMO TÓPICO
Cabeçalho tópico ou nome geográfico Aprendizado
650 #4 - ASSUNTO--TERMO TÓPICO
Cabeçalho tópico ou nome geográfico Brincadeiras
650 #4 - ASSUNTO--TERMO TÓPICO
Cabeçalho tópico ou nome geográfico Estações do ano
942 ## - ELEMENTOS DE ENTRADA ADICIONADOS (KOHA)
Tipo de material Koha Livros
Holdings
Situação do descarte Situação das perdas Situação física Não pode ser emprestado Biblioteca de origem Biblioteca atual Data de aquisição Total de empréstimos Número de chamada completo Código de barras Data de último acesso Data do preço efetivo Tipo de material Koha Data do último empréstimo Devolução em
        Canadian School of Niterói - Itacoatiara Canadian School of Niterói - Itacoatiara 09/02/2024   A2 - POR A06909 09/02/2024 09/02/2024 Livros    
        Canadian School of Niterói - Itacoatiara Canadian School of Niterói - Itacoatiara 09/02/2024 1 A2 - POR A06910 09/04/2024 09/02/2024 Livros 08/04/2024  
        Canadian School of Niterói - Itacoatiara Canadian School of Niterói - Itacoatiara 09/02/2024 3 A2 - POR A06911 12/08/2024 09/02/2024 Livros 12/08/2024 19/08/2024
        Canadian School of Niterói - Piratininga Canadian School of Niterói - Piratininga 09/02/2024   A2 - POR A06912 09/02/2024 09/02/2024 Livros    
        Canadian School of Niterói - Piratininga Canadian School of Niterói - Piratininga 09/02/2024   A2 - POR A01983 09/02/2024 09/02/2024 Livros